000 00257nam a2200109Ia 4500
008 230312s9999||||xx |||||||||||||| ||und||
082 _a759.95491
_bFAR-N
100 _aFajardo:julio
245 0 _aNew york architecture
650 _aArchitecture
942 _cBK
999 _c14594
_d14594